000 00654nam a2200205 i 4500
001 142408
003 ES-MaACL
005 20260129170032.0
007 t|
008 071005s1952 sp 000 0dspa d
100 1 _aVila Selma, José.
_9114738
245 1 0 _aBenavente, fin de siglo /
_cJosé Vila Selma.
260 _aMadrid :
_bRialp,
_c1952.
300 _a298 p. ;
_c19 cm.
490 1 _aBiblioteca del pensamiento actual ;
_v16
600 1 7 _aBenavente, Jacinto,
_d1866-1954-
_xCrítica e interpretación
_2
_9169710
830 1 _aBiblioteca del pensamiento actual
_v16
_9181187
852 _aES-MaACL
_jD-7422
999 _c142408
_d142408